000 00554nam a2200193Ia 4500
005 20250326142828.0
008 250326s9999 xx 000 0 und d
020 _a0-13-203944-3
037 _aTextbook
040 _aFMSL
_beng
_cFMSL
041 _aeng
_2eng
084 _aX:89A N3
_qFMSL
100 _aLund RT
_9746682
245 0 _aDesigned to work production systems and people
_cLund RT And Others
260 _aNew Jersey
_bNew Jersey, Prentice Hall
_c1993
300 _a238p
942 _cTB
_hX:89A N3
999 _c1296822
_d1296822